000 00554nam a22002177a 4500
003 UA-OsUOA
001 70774
007 ta
008 20100915b un ||||| |||| 00| 0 ukr d
100 _aХархун В.
090 _a82
_bХ22
942 _cSA
040 _aUA-OsUOA
_bukr
_cUA-OsUOA
_dUA-OsUOA
245 _aСоцреалізм як канонічне мистецтво
300 _aС.3-14
955 _a0
041 _aukr
080 _a82
773 0 _w70773
650 7 _a82 Література. Літературознавство
_2UDC
999 _c357051
_d357051